| 000 | 00788nam a22001575i 4500 | ||
|---|---|---|---|
| 001 | 160550 | ||
| 003 | ES-MaACL | ||
| 005 | 20230906212051.0 | ||
| 008 | 950206m18561857sp |||| | spa d | ||
| 040 |
_aCARM _bspa _cCCPB | PA2 |
||
| 100 | 1 |
_aNavarro, Juan de Dios. _9130417 |
|
| 245 | 1 | 0 |
_aContabilidad en general _b: escuela teorico-practica : recopilacion de diferentes tratados y sistemas originales ... / _cpor Juan de Dios Navarro. |
| 260 |
_aMadrid : _b[s.n.], _c1856-1857 ( _fImp. y Litografia del Agente industrial Minero, a cargo de V. Maldonado) |
||
| 300 |
_a3 v. ; _c28 cm. |
||
| 852 |
_aES-MaACL _jG-5791 _z-- Enc. hol. _z-- 3 t. en 1 v. _x-- Edic.: En el pie de imp. del t.III: Imprenta de Vicente Maldonado -- T.I, 1856 (336 p.) - T.II, 1856 (346 p.) - T.III, 1857 (352 p.) |
||
| 999 |
_c160550 _d160550 |
||